Liturgies of the Western church / (Record no. 129)

MARC details
000 -LEADER
fixed length control field 00734pam a2200241 i 4500
001 - CONTROL NUMBER
control field 1353718
005 - DATE AND TIME OF LATEST TRANSACTION
control field 20210414113846.0
008 - FIXED-LENGTH DATA ELEMENTS--GENERAL INFORMATION
fixed length control field 800807t19801961pau b 000 0 eng
010 ## - LIBRARY OF CONGRESS CONTROL NUMBER
LC control number 80008044
020 ## - INTERNATIONAL STANDARD BOOK NUMBER
International Standard Book Number 0800614283 (pbk.) :
Terms of availability $7.95
040 ## - CATALOGING SOURCE
Original cataloging agency DLC
Transcribing agency DLC
Modifying agency DLC
050 00 - LIBRARY OF CONGRESS CALL NUMBER
Classification number BV186.5.T5
082 00 - DEWEY DECIMAL CLASSIFICATION NUMBER
Classification number 264
Edition number 19
100 1# - MAIN ENTRY--PERSONAL NAME
Personal name Thompson, Bard,
Dates associated with a name 1925-
Relator term ed.
245 10 - TITLE STATEMENT
Title Liturgies of the Western church /
Statement of responsibility, etc. selected and introduced by Bard Thompson.
250 ## - EDITION STATEMENT
Edition statement 1st Fortress Press ed.
260 ## - PUBLICATION, DISTRIBUTION, ETC.
Place of publication, distribution, etc. Philadelphia :
Name of publisher, distributor, etc. Fortress Press,
Date of publication, distribution, etc. 1980, c1961.
300 ## - PHYSICAL DESCRIPTION
Extent xiv, 434 p. ;
Dimensions 21 cm.
504 ## - BIBLIOGRAPHY, ETC. NOTE
Bibliography, etc. note Bibliography: p. xiii-xiv.
650 #0 - SUBJECT ADDED ENTRY--TOPICAL TERM
Topical term or geographic name entry element Liturgies.
906 ## - LOCAL DATA ELEMENT F, LDF (RLIN)
a 7
b cbc
c orignew
d 1
e ocip
f 19
g y-gencatlg
942 ## - ADDED ENTRY ELEMENTS (KOHA)
Source of classification or shelving scheme Library of Congress Classification
Koha item type Books
Holdings
Withdrawn status Lost status Source of classification or shelving scheme Damaged status Not for loan Home library Current library Shelving location Date acquired Total Checkouts Full call number Barcode Date last seen Price effective from Koha item type
    Library of Congress Classification     WISCONSIN INTERNATIONAL UNIVERSITY COLLEGE, GHANA - MAIN LIBRARY WISCONSIN INTERNATIONAL UNIVERSITY COLLEGE, GHANA - MAIN LIBRARY General Stacks 20/09/2011   BV186.5.T5 306/11 20/09/2011 20/09/2011 Books

If you have any concerns or questions; kindly contact the library


© Powered by WIUC ICT DIRECTORATE